Normal view
MARC view
- اساءة معاملة الطفل-حاجات الطفل-علاقة الوالدين والاطفال
Entry Topical Term
001 - CONTROL NUMBER
- control field: 21595
003 - CONTROL NUMBER IDENTIFIER
- control field: JO-AjAnu
005 - DATE AND TIME OF LATEST TRANSACTION
- control field: 20230606073735.0
008 - FIXED-LENGTH DATA ELEMENTS
- fixed length control field: 230606|| aca||aabn | a|a d
040 ## - CATALOGING SOURCE
- Original cataloging agency: JO-AjAnu
- Transcribing agency: JO-AjAnu
150 ## - HEADING--TOPICAL TERM
- Topical term or geographic name entry element: اساءة معاملة الطفل-حاجات الطفل-علاقة الوالدين والاطفال
670 ## - SOURCE DATA FOUND
- Source citation: Work cat.: (JO-AjAnu)11095: محمود،عكاشه عبد المنان, author 21594, الاختبارات النفسية تساعدنا على معاشرة اطفالنا